| 000 | 01000nam a2200229Ia 4500 | ||
|---|---|---|---|
| 999 |
_c54672 _d54672 |
||
| 001 | 21739 | ||
| 003 | GE_BSU | ||
| 005 | 20220204134329.0 | ||
| 008 | 181216s ||||ge |||||||||||||| ||geo|| | ||
| 040 | _cGE_BSU | ||
| 041 | _ageo | ||
| 080 | _a811.353.1-8(076.5) კ-49 | ||
| 100 |
_aკიზირია, ანტონ _97225 |
||
| 245 |
_aქართული ენა : პრაქტიკუმი : _cდამხმ. სახელმძღვ. პედ. ინ-ტების სტუდენტებისათვის / _hანტონ კიზირია ; რედ. ე. პოლოლიკაშვილი. |
||
| 264 |
_aთბილისი : _bგანათლება, _c1984. |
||
| 300 |
_a262 გვ. ; _c22 სმ. |
||
| 541 | _h1ლ. 40თ. | ||
| 653 | _aქართული ენა | ||
| 653 | _aპრაქტიკუმი | ||
| 700 |
_aპოლოლიკაშვილი, ე. _eრედაქტორი _913472 |
||
| 942 |
_cBK _2udc |
||